LEADER 01510nam 2200313Ia 450 001 996387460703316 005 20200824132851.0 035 $a(CKB)4940000000087135 035 $a(EEBO)2240867514 035 $a(OCoLC)ocm52528842e 035 $a(OCoLC)52528842 035 $a(EXLCZ)994940000000087135 100 $a20030701d1699 uy 0 101 0 $alat 135 $aurbn||||a|bb| 200 10$aCalendarium lunæ perpetuum, seu, cursus lunæ accurate monstratus, et expedita methodo computatus, pro omnibus solis et lunæ eclipsibus, una cum omnibus noviluniis et pleniluniis$b[electronic resource] $eNon incommode? inserviens sub quovis meridiano Britanniæ, vel Hiberniæ, aut etiam in quavis parte terræ, accommodando tempus meridiano loci. /$fPer J.L. P.P 210 $aGlasguæ $cExcudebat Robertus Sanders, unus e? regiis typographis, & prostant apud bibliopolas ibidem; pretium libri in schedis 8. assesscot$dAnno. Dom. 1699 215 $a[40] p. $ccharts 300 $aReproduction of the original in the National Library of Scotland. 330 $aeebo-0097 606 $aEphemerides$vEarly works to 1800 615 0$aEphemerides 700 $aLaw$b John$f1671-1729.$0323936 801 0$bEAE 801 1$bEAE 906 $aBOOK 912 $a996387460703316 996 $aCalendarium lunæ perpetuum, seu, cursus lunæ accurate monstratus, et expedita methodo computatus, pro omnibus solis et lunæ eclipsibus, una cum omnibus noviluniis et pleniluniis$92408088 997 $aUNISA LEADER 02655nam a2200289 i 4500 001 991004335433207536 005 20240722153235.0 008 240719s1775 fr e 000 0 fre d 026 $a55s. usen$be-a- setr (3)$c1775 (R)$dv. 1 026 $ao-ur rete$be-r- raph (3)$c1775 (R)$dv. 2 040 $aBibl. Interfacoltà T. Pellegrino$bita$cSocioculturale Scs 100 1 $aBossuet, Jacques Bénigne$d<1627-1704>$0396699 245 10$aDiscours sur l'histoire universelle, a monseigneur Le Dauphin, pour expliquer la suite de la religion & les changements des empires. Premiere partie [-seconde partie] ... Par messire Jacques-Benigne Bossuet ... 246 0 $aSuite de l'histoire universelle$gTitolo del v. 2 250 $aNouvelle édition 260 $aA Paris :$bchez Christophe David, rue Saint Jacques; au Nom de Jesus,$c1775 300 $a2 volumi ;$c12° 505 00$g1: Premiere partie.$tDepuis le commencemement du monde, jusqu'a l'empire de Charlemagne. -$g[6], 558 p. (($gSegnatura: ??(-?4) A-Z¹², 2A?(-2A4). 505 00$g2: Seconde partie.$tSuite de l'histoire universelle, de monsieur l'evesque de Meaux. Depois l'an 800. de Notre Seigneur, jusqu'à l'an 1700. inclusivement. -$g[8], 315, [1] p. (($gSegnatura: ?A4 A-2C?/? 2D². - Sul frontespizio la partizione segue il titolo 561 $aIl fondo Briganti-Stajano è stato annesso al patrimonio della Biblioteca Interfacoltà nel 1981. Le famiglie da cui il Fondo prende il nome sono l'aristocratica famiglia gallipolina dei Briganti (fine XVIII sec.) e la famiglia Stajano di Sannicola, alla quale il Fondo è pervenuto in eredità dopo la morte di Domenico Briganti, ultimo discendente (fine XIX sec.).Il fondo si compone di una sezione a stampa antica e moderna e di una sezione manoscritta. La sezione a stampa è costituita in buona parte dalla biblioteca dei due esponenti più noti dell?Illuminismo riformatore salentino, Tommaso Briganti (1691-1762) e il figlio Filippo (1726-1804), e riflette in pieno i loro interessi per le discipline storiche, giuridiche, economiche, religiose e filosofiche; sono presenti nella sezione, inoltre, libri, opuscoli, documenti e opere degli stessi Stajano.$5LE002 562 $a1 esemplare, volumi 1-2$5LE002 700 3 $aBriganti-Stajano $d$epossessore precedente$5LE002 710 2 $aDavid, Christophe 752 $aFrancia$dParigi 912 $a991004335433207536 996 $aDiscours sur l'histoire universelle, a monseigneur Le Dauphin, pour expliquer la suite de la religion & les changements des empires. Premiere partie ... Par messire Jacques-Benigne Bossuet ..$94176576 997 $aUNISALENTO